000 00696nam a22001937a 4500
003 OSt
005 20260127013525.0
008 251027b |||||||| |||| 00| 0 eng d
020 _a978-971-06-6084-1
040 _aDWCL-Main Lib
_cOC
082 _aRes. 899.211 B153p 2024
100 _aBaisa-Julian, Ailene G.
245 _aAng bagong pluma :
_bliteras, nika, at teksto para sa matatag na bukas /
_cAilene G. Baisa [and three others]
260 _aQuezon Avenue, Quezon City:
_bPhoenix Publishing House,
_cc2024.
300 _ax , 452 pages;
_billustration;
_c25 cm.
650 _a1. Filipino Study
700 _aI. Carmela Esguerra-Jose, II. Nestor S. Lontoc
942 _2ddc
_cBK-0 CIRC
_mRes.
_n0
999 _c5185
_d5185